Dark Souls 3 Trivia - Statistics

General Stats
  • This quiz has been taken 4,672 times
  • The average score is 9 of 15
Answer Stats
Question Answer % Correct
One particular friendly NPC in DS3 harkens back to DS1's Siegmeyer of Catarina, the "onion knight". What is their name? Siegward
89%
Which NPC turns boss souls into special weapons/items? Ludleth of Courland
88%
Although technically a successor to Dark Souls 2, which game does Dark Souls 3 have far more in common with? Dark Souls 1
83%
At one point in the game, you may find an optional area that appears to be an alternate version of the game's first level. Through which other area is this accessed? Consumed King's Garden
81%
Similarly to Sif from Dark Souls 1, a boss in the third game becomes far less dangerous once their health is brought down low enough. Which one? Old Demon King
75%
How do you access the Smouldering Lake optional area? Broken bridge
65%
Which of these Ultra Greatswords is actually a dexterity weapon rather than a strength weapon? Astora Greatsword
61%
What color are phantoms from the Mound-Maker covenant? Purple
56%
Who is the true final boss of the entire Dark Souls series? Slave Knight Gael
54%
Which of these is NOT a weapon class in the game? Ultra Greataxes
53%
Which of the following pairs of bosses have fought the other at some point? Lorian & Demon Prince
51%
Which dragon boss in the game has a second phase? King of Storm
44%
What does the Farron Greatsword's (weapon of the Abyss Watchers) weapon art look like? Parry the opponent's attack
21%
In the Hollow Arena, a PVP game mode added in the Ashes of Ariandel DLC, you can earn four badges: gold, silver, bronze, and...? Iron
17%
What is the advantage of infusing a weapon with a Simple Gem? Focus points slowly regerate
14%
No matching quizzes found
Score Distribution
Percent of People with Each Score
Percentile by Number Answered
Your Score History
You have not taken this quiz